| 000 | 00343nam a2200133Ia 4500 | ||
|---|---|---|---|
| 008 | 190216s9999||||xx |||||||||||||| ||und|| | ||
| 100 | _aJohn Hohenberg | ||
| 245 | 4 | _aThe Professional Journalist | |
| 250 | _a4th Ed. | ||
| 260 |
_bOxford And Ibh Publishing Co. Pvt Ltd _c1980 |
||
| 300 | _a596 | ||
| 650 | _aGuide To Journalism | ||
| 942 | _cREF | ||
| 999 |
_c35564 _d35564 |
||